| 000 | 01614nam0a2200397 i 4500 | ||
|---|---|---|---|
| 001 | RU\NLR\BIBL_A\010196048 | ||
| 005 | 20241103132206.0 | ||
| 010 |
_a9785944590589 _93000 |
||
| 021 |
_aRU _b2013-107655 _97465 |
||
| 035 | _a(NILC)RuMoRGB-006725321 | ||
| 035 | _a(NLR Aleph) 010196048 | ||
| 090 |
_a10222379 _c10222379 |
||
| 100 | _a20140228d2014 u y0rusy50 ca | ||
| 101 | 1 |
_arus _ceng |
|
| 102 | _aRU | ||
| 105 | _aa|||z||||00yy | ||
| 200 | 1 |
_aТайный мир рисунка _eисцеление через искусство _e[пособие] _fГрегг М. Ферс _g[пер. с англ. Шувалов С. В.] |
|
| 210 |
_aСанкт-Петербург _cДеметра _d2014 _d[т.е. 2013] |
||
| 215 |
_a165, [2] с. _cил., цв. ил. _d22 |
||
| 300 | _aЗагл. и авт. ориг.: The secret world of drawing / Gregg M. Furth | ||
| 300 | _aКн. фактически изд. в 2013 г. | ||
| 320 | _aБиблиогр.: с. 153-165 и в конце кн. | ||
| 454 | 1 |
_12001#$aThe secret world of drawing _1700#1$aFurth$bG. M.$gGregg M _tThe secret world of drawing _aFurth, Gregg M |
|
| 606 | 1 |
_aРисование _xЛечебное применение _92068690 _3RU\NLR\AUTH\661243355 |
|
| 606 |
_aАрт-терапия _92087582 _3RU\NLR\AUTH\661263750 |
||
| 675 | _a159.964:741 | ||
| 686 | 1 | _aР357.19 | |
| 686 | 1 | _aЮ948.1-82 | |
| 700 | 1 |
_aФерс _bГ. М. _gГрегг М |
|
| 801 | 0 |
_aRU _bRuMoRKP _c20140113 _gRCR |
|
| 801 | 2 |
_aRU _bРГБ _c20140203 _grcr |
|
| 801 | 1 |
_aRU _bRuMoRKP _c20140113 _2rusmarc |
|
| 942 | _cBOOK | ||
| 980 | _aNBR | ||